The lure of the local : (Record no. 352515)

000 -LEADER
fixed length control field 00828 a2200241 4500
003 - CONTROL NUMBER IDENTIFIER
control field OSt
005 - DATE AND TIME OF LATEST TRANSACTION
control field 20180116192337.0
008 - FIXED-LENGTH DATA ELEMENTS--GENERAL INFORMATION
fixed length control field 110809t 1997xxu||||| |||| 00| 0 eng d
010 ## - LIBRARY OF CONGRESS CONTROL NUMBER
LC control number 96023879
020 ## - INTERNATIONAL STANDARD BOOK NUMBER
International Standard Book Number 1565842472
040 ## - CATALOGING SOURCE
Transcribing agency 0
082 00 - DEWEY DECIMAL CLASSIFICATION NUMBER
Classification number 304.23
100 1# - MAIN ENTRY--PERSONAL NAME
Personal name Lippard, Lucy R.
9 (RLIN) 20
245 14 - TITLE STATEMENT
Title The lure of the local :
Remainder of title senses of place in a multicentered society /
Statement of responsibility, etc. Lucy R. Lippard.
260 ## - PUBLICATION, DISTRIBUTION, ETC.
Place of publication, distribution, etc. New York :
Name of publisher, distributor, etc. New Press,
Date of publication, distribution, etc. c1997.
300 ## - PHYSICAL DESCRIPTION
Extent 325 p. :
Other physical details ill. (some col.) ;
Dimensions 25 cm.
650 #0 - SUBJECT ADDED ENTRY--TOPICAL TERM
Topical term or geographic name entry element Human geography
Geographic subdivision United States.
9 (RLIN) 21
650 #0 - SUBJECT ADDED ENTRY--TOPICAL TERM
Topical term or geographic name entry element Geographical perception
Geographic subdivision United States.
9 (RLIN) 22
650 #0 - SUBJECT ADDED ENTRY--TOPICAL TERM
Topical term or geographic name entry element Multiculturalism
Geographic subdivision United States.
9 (RLIN) 23
651 #0 - SUBJECT ADDED ENTRY--GEOGRAPHIC NAME
Geographic name United States
General subdivision Social life and customs.
9 (RLIN) 24
942 ## - ADDED ENTRY ELEMENTS (KOHA)
Institution code [OBSOLETE] SADA
Koha item type Book
Call number prefix 304.23 LIP 1997
Source of classification or shelving scheme
Holdings
Withdrawn status Lost status Source of classification or shelving scheme Damaged status Not for loan Permanent Location Current Location Date acquired Total Checkouts Full call number Barcode Date last seen Cost, replacement price Price effective from Koha item type
          School of Art Design and Architecture (SADA) School of Art Design and Architecture (SADA) 02/02/2011   304.23 LIP 1997 SADA0000546 08/05/2011 1975.00 08/05/2011 Book
© 2023 Central Library, National University of Sciences and Technology. All Rights Reserved.